[Event "Abe Yanofsky mem"]
[Site "Winnipeg CAN"]
[Date "2007.08.31"]
[Round "1"]
[White "Boron, Anthony"]
[Black "Lipnowski, Samuel"]
[Result "0-1"]
[WhiteElo "1973"]
[BlackElo "2281"]
[PlyCount "108"]
[GameId "2160767910579458"]
[EventDate "2007.09.01"]
[EventType "swiss"]
[EventRounds "5"]
[EventCountry "CAN"]
[SourceTitle "EXT 2022"]
[Source "ChessBase"]
[SourceDate "2021.10.06"]
[SourceVersion "1"]
[SourceVersionDate "2021.10.06"]
[SourceQuality "1"]

1. b3 e5 2. Bb2 d6 3. g3 g6 4. Bg2 Bg7 5. d4 Nd7 6. c4 Ngf6 7. Nf3 Qe7 8. e3 O-O 9. O-O Re8 10. Nc3 c6 11. dxe5 dxe5 12. Qc2 Nf8 13. Rfe1 e4 14. Nd4 h5 15. a3 N8h7 16. h4 Bg4 17. b4 g5 18. hxg5 Nxg5 19. b5 c5 20. Nde2 Nf3+ 21. Bxf3 Bxf3 22. Nf4 Qd7 23. Kh2 h4 24. Ncd5 hxg3+ 25. fxg3 Ng4+ 26. Kg1 Bxb2 27. Qxb2 Qf5 28. Rf1 Qh7 29. Rxf3 exf3 30. Rf1 Rad8 31. Rxf3 Rd6 32. Qg2 Rh6 33. a4 Rh2 34. Nf6+ Nxf6 35. Qxh2 Qxh2+ 36. Kxh2 Ng4+ 37. Kg1 Rxe3 38. Rxe3 Nxe3 39. Nd3 b6 40. Nb2 Kg7 41. Kf2 Nf5 42. a5 bxa5 43. Na4 Nd6 44. Nb2 Kf6 45. Ke3 Ke5 46. Nd3+ Kf5 47. Nb2 Kg4 48. Kf2 Ne4+ 49. Ke3 f5 50. Na4 Kxg3 51. b6 axb6 52. Nxb6 Nd6 53. Na4 f4+ 54. Ke2 Kg2 0-1

[Event "Abe Yanofsky mem"]
[Site "Winnipeg CAN"]
[Date "2007.08.31"]
[Round "1"]
[White "Khedkar, Jay S"]
[Black "Greenberg, Harley"]
[Result "1-0"]
[WhiteElo "2003"]
[BlackElo "1827"]
[PlyCount "95"]
[GameId "2160767910579459"]
[EventDate "2007.09.01"]
[EventType "swiss"]
[EventRounds "5"]
[EventCountry "CAN"]
[SourceTitle "EXT 2022"]
[Source "ChessBase"]
[SourceDate "2021.10.06"]
[SourceVersion "1"]
[SourceVersionDate "2021.10.06"]
[SourceQuality "1"]

1. e4 c5 2. Nf3 Nc6 3. d4 cxd4 4. Nxd4 Nf6 5. Nc3 e5 6. Ndb5 d6 7. Nd5 Nxd5 8. exd5 Nb8 9. c4 a6 10. Nc3 Be7 11. Be3 O-O 12. Be2 f5 13. f4 Nd7 14. Qd2 b6 15. O-O Bf6 16. Rac1 Rb8 17. g3 Re8 18. h3 Qe7 19. Rce1 exf4 20. Bxf4 Be5 21. Bd3 Qf6 22. Bg5 Qf7 23. Bxf5 Nf6 24. Bxc8 Rbxc8 25. Bxf6 gxf6 26. Re4 Kh8 27. Ne2 b5 28. Nf4 bxc4 29. Ne6 Qh5 30. Rh4 c3 31. bxc3 Qg6 32. Rg4 Bxc3 33. Rxg6 Bxd2 34. Rgxf6 Kg8 35. h4 Bc3 36. Rf7 Be5 37. Kg2 h5 38. R7f5 Rc3 39. Rg5+ Kh7 40. Rxh5+ Kg6 41. Rg5+ Kh6 42. Rf7 Rc2+ 43. Kh3 Rh8 44. Nf8 Rxf8 45. Rxf8 Rxa2 46. Kg4 a5 47. Rfg8 a4 48. Rh5# 1-0

[Event "Abe Yanofsky mem"]
[Site "Winnipeg CAN"]
[Date "2007.08.31"]
[Round "1"]
[White "Liu, Weixi"]
[Black "Oberton, Daniel"]
[Result "1/2-1/2"]
[WhiteElo "1831"]
[BlackElo "2011"]
[PlyCount "82"]
[GameId "2160767910579460"]
[EventDate "2007.09.01"]
[EventType "swiss"]
[EventRounds "5"]
[EventCountry "CAN"]
[SourceTitle "EXT 2022"]
[Source "ChessBase"]
[SourceDate "2021.10.06"]
[SourceVersion "1"]
[SourceVersionDate "2021.10.06"]
[SourceQuality "1"]

1. d4 Nf6 2. c4 g6 3. Nc3 d6 4. e4 Bg7 5. f3 O-O 6. Be3 Nc6 7. Qd2 a6 8. g4 Rb8 9. h4 b5 10. cxb5 axb5 11. Bxb5 Na7 12. Bc4 c6 13. d5 c5 14. Rb1 Qa5 15. Nge2 Ba6 16. Bxa6 Qxa6 17. Bh6 e6 18. Bxg7 Kxg7 19. Kf2 Qa5 20. h5 e5 21. Kg2 Nb5 22. hxg6 fxg6 23. Qh6+ Kg8 24. g5 Nh5 25. Ng3 Nf4+ 26. Kf2 Qc7 27. Nxb5 Rxb5 28. Qh2 Qb7 29. b3 Qa7 30. Ke1 Nd3+ 31. Ke2 Qxa2+ 32. Ke3 Qxh2 33. Rxh2 Nf4 34. Rhb2 Rfb8 35. Kd2 c4 36. b4 Nd3 37. Ra2 Nxb4 38. Rab2 R5b6 39. Kc3 Na2+ 40. Kc2 Rxb2+ 41. Rxb2 Rxb2+ 1/2-1/2

[Event "Abe Yanofsky mem"]
[Site "Winnipeg CAN"]
[Date "2007.08.31"]
[Round "1"]
[White "Nikouline, Alexandre"]
[Black "Cleto, Sam"]
[Result "1-0"]
[WhiteElo "2140"]
[BlackElo "1900"]
[PlyCount "87"]
[GameId "2160767910579461"]
[EventDate "2007.09.01"]
[EventType "swiss"]
[EventRounds "5"]
[EventCountry "CAN"]
[SourceTitle "EXT 2022"]
[Source "ChessBase"]
[SourceDate "2021.10.06"]
[SourceVersion "1"]
[SourceVersionDate "2021.10.06"]
[SourceQuality "1"]

1. e4 c5 2. Nf3 d6 3. d4 cxd4 4. Nxd4 Nf6 5. Nc3 e5 6. Nb3 a6 7. Be2 Be7 8. Be3 O-O 9. a4 Nc6 10. a5 Be6 11. Bb6 Qc8 12. f3 Nh5 13. Nd5 Bh4+ 14. g3 Bd8 15. O-O Nf6 16. Bxd8 Rxd8 17. Nb6 Qc7 18. Nxa8 Rxa8 19. Qd2 Ne7 20. c4 Bh3 21. Rfd1 Ne8 22. Qe3 f5 23. Nd2 f4 24. Qf2 Nc6 25. gxf4 Nd4 26. Bf1 Bxf1 27. Rxf1 Nf6 28. Kh1 Nh5 29. fxe5 dxe5 30. f4 Nxf4 31. Nf3 Nxf3 32. Qxf3 Qxc4 33. Rac1 Qb4 34. Rc2 Rf8 35. Rd1 Qxa5 36. Qb3+ Kh8 37. Qxb7 Qa4 38. Rg1 Ne6 39. Rc8 Re8 40. Rgc1 Rf8 41. Qd5 Qb4 42. Qxe5 Nd8 43. Rg1 Qb7 44. Rc7 1-0

[Event "Abe Yanofsky mem"]
[Site "Winnipeg CAN"]
[Date "2007.08.31"]
[Round "1"]
[White "Pottinger, Carl"]
[Black "Kaptsan, Aron"]
[Result "1-0"]
[WhiteElo "1848"]
[BlackElo "2030"]
[PlyCount "45"]
[GameId "2160767910579462"]
[EventDate "2007.09.01"]
[EventType "swiss"]
[EventRounds "5"]
[EventCountry "CAN"]
[SourceTitle "EXT 2022"]
[Source "ChessBase"]
[SourceDate "2021.10.06"]
[SourceVersion "1"]
[SourceVersionDate "2021.10.06"]
[SourceQuality "1"]

1. c4 c5 2. g3 Nf6 3. Bg2 e6 4. Nf3 Qc7 5. O-O b6 6. d3 Bb7 7. Nc3 a6 8. Bf4 d6 9. e4 Nbd7 10. Qd2 Be7 11. a3 O-O 12. h3 Rfd8 13. Rfb1 Ne5 14. b4 Ng6 15. bxc5 bxc5 16. Rb3 Nxf4 17. Qxf4 Rac8 18. Rab1 Bc6 19. Ne1 Rb8 20. Qc1 Rxb3 21. Rxb3 Rb8 22. Rxb8+ Qxb8 23. e5 1-0

[Event "Abe Yanofsky mem"]
[Site "Winnipeg CAN"]
[Date "2007.08.31"]
[Round "1"]
[White "Raihman, Igal"]
[Black "Melamedoff, Gustavo"]
[Result "0-1"]
[WhiteElo "1782"]
[BlackElo "1975"]
[PlyCount "108"]
[GameId "2160767910579463"]
[EventDate "2007.09.01"]
[EventType "swiss"]
[EventRounds "5"]
[EventCountry "CAN"]
[SourceTitle "EXT 2022"]
[Source "ChessBase"]
[SourceDate "2021.10.06"]
[SourceVersion "1"]
[SourceVersionDate "2021.10.06"]
[SourceQuality "1"]

1. e4 c6 2. d4 d5 3. exd5 cxd5 4. c4 Nf6 5. Nc3 g6 6. Nf3 Bg7 7. Qb3 O-O 8. cxd5 Nbd7 9. Bf4 Nb6 10. d6 Be6 11. Qa3 exd6 12. Qxd6 Nfd5 13. Qxd8 Rfxd8 14. Bg5 f6 15. Nxd5 Bxd5 16. Be3 Bxf3 17. gxf3 f5 18. O-O-O f4 19. Bxf4 Bxd4 20. Rd2 Rac8+ 21. Kb1 Bxf2 22. Bh3 Rxd2 23. Be6+ Kf8 24. Bxc8 Re2 25. Bxb7 Bd4 26. Bc1 Na4 27. Ba6 Rf2 28. h4 Bxb2 29. Bxb2 Rxb2+ 30. Ka1 Rf2 31. Rc1 Rxf3 32. Rc8+ Kg7 33. Bb5 Rc3 34. Rxc3 Nxc3 35. Bc6 Kh6 36. Kb2 Nxa2 37. Kxa2 Kh5 38. Kb2 Kxh4 39. Kc2 Kg3 40. Be4 Kf4 41. Bd3 Kg5 42. Kd2 h5 43. Ke2 Kf6 44. Kf3 g5 45. Kg3 a5 46. Bb5 Ke5 47. Be8 h4+ 48. Kg4 Kd6 49. Ba4 Kc5 50. Bc2 Kb4 51. Kxg5 h3 52. Kg4 h2 53. Be4 a4 54. Kg3 a3 0-1

[Event "Abe Yanofsky mem"]
[Site "Winnipeg CAN"]
[Date "2007.08.31"]
[Round "1"]
[White "Repa, Jason"]
[Black "Clark, Jeff"]
[Result "1-0"]
[WhiteElo "2019"]
[BlackElo "1833"]
[PlyCount "51"]
[GameId "2160767910579464"]
[EventDate "2007.09.01"]
[EventType "swiss"]
[EventRounds "5"]
[EventCountry "CAN"]
[SourceTitle "EXT 2022"]
[Source "ChessBase"]
[SourceDate "2021.10.06"]
[SourceVersion "1"]
[SourceVersionDate "2021.10.06"]
[SourceQuality "1"]

1. f4 Nf6 2. Nf3 e6 3. b3 b6 4. e3 Bb7 5. Bb2 Be7 6. Be2 O-O 7. O-O d6 8. Qe1 c5 9. Qg3 Nbd7 10. Nc3 a6 11. a4 Qc7 12. d3 Bxf3 13. Qxf3 Rfc8 14. g4 Ra7 15. g5 Ne8 16. h4 Bf8 17. Qh3 Nb8 18. f5 e5 19. f6 Rd8 20. Nd5 Nc6 21. Bg4 Rb8 22. e4 g6 23. h5 Rbb7 24. Rf2 Nb4 25. Ne3 Nc6 26. Rh2 1-0

[Event "Abe Yanofsky mem"]
[Site "Winnipeg CAN"]
[Date "2007.08.31"]
[Round "1"]
[White "Richmond, Barrie"]
[Black "Langner, David"]
[Result "0-1"]
[WhiteElo "1921"]
[BlackElo "2261"]
[PlyCount "68"]
[GameId "2160767910579465"]
[EventDate "2007.09.01"]
[EventType "swiss"]
[EventRounds "5"]
[EventCountry "CAN"]
[SourceTitle "EXT 2022"]
[Source "ChessBase"]
[SourceDate "2021.10.06"]
[SourceVersion "1"]
[SourceVersionDate "2021.10.06"]
[SourceQuality "1"]

1. d4 Nf6 2. c4 e6 3. g3 d5 4. Bg2 c5 5. Nf3 Nc6 6. O-O Be7 7. Nc3 O-O 8. dxc5 d4 9. Na4 e5 10. Nd2 Bf5 11. a3 Qd7 12. f3 Rad8 13. b3 Rfe8 14. Bb2 Bf8 15. Ne4 Nxe4 16. fxe4 Be6 17. Qc2 d3 18. exd3 Qxd3 19. Qxd3 Rxd3 20. Rf3 Red8 21. Raf1 Na5 22. Bxe5 Nxb3 23. Nb2 Rxf3 24. Rxf3 Bxc5+ 25. Kh1 Nd2 26. Rd3 Rxd3 27. Nxd3 Bxa3 28. c5 Bc4 29. c6 bxc6 30. Nf4 Bc5 31. Bc3 Nb3 32. e5 Bd4 33. Bxd4 Nxd4 34. h4 a5 0-1

[Event "Abe Yanofsky mem"]
[Site "Winnipeg CAN"]
[Date "2007.08.31"]
[Round "1"]
[White "Schulz, Waldemar"]
[Black "Booth, Kevin"]
[Result "1/2-1/2"]
[WhiteElo "2052"]
[BlackElo "1861"]
[PlyCount "99"]
[GameId "2160767910579466"]
[EventDate "2007.09.01"]
[EventType "swiss"]
[EventRounds "5"]
[EventCountry "CAN"]
[SourceTitle "EXT 2022"]
[Source "ChessBase"]
[SourceDate "2021.10.06"]
[SourceVersion "1"]
[SourceVersionDate "2021.10.06"]
[SourceQuality "1"]

1. d4 Nf6 2. c4 e6 3. Nf3 d5 4. Nc3 b6 5. g3 dxc4 6. Bg2 Bb7 7. Qa4+ Nbd7 8. Qxc4 c5 9. O-O cxd4 10. Qxd4 Bc5 11. Qd3 O-O 12. Be3 Rc8 13. Rfd1 Nd5 14. Ng5 N7f6 15. Nxd5 Bxd5 16. Bxc5 bxc5 17. e4 Ba8 18. e5 Qxd3 19. Rxd3 Nd5 20. Ne4 Nb4 21. Rd7 Rfd8 22. Rad1 Bd5 23. Rxd8+ Rxd8 24. Nc3 Kf8 25. f4 Ke7 26. Nxd5+ Nxd5 27. Rc1 Rc8 28. Kf2 Nb4 29. Ke3 Rc7 30. a3 Nd5+ 31. Kd3 c4+ 32. Kd4 Nb6 33. Rc2 f6 34. Bf1 Rd7+ 35. Ke4 Rc7 36. exf6+ gxf6 37. b3 f5+ 38. Ke5 Rc5+ 39. Kd4 Rd5+ 40. Kc3 cxb3 41. Kxb3 Kd6 42. a4 Rd1 43. Bb5 Nd5 44. Rc6+ Ke7 45. Ra6 Kf6 46. Rxa7 h6 47. Rh7 Kg6 48. Rh8 Kg7 49. Re8 Kf7 50. Rh8 1/2-1/2

[Event "Abe Yanofsky mem"]
[Site "Winnipeg CAN"]
[Date "2007.08.31"]
[Round "1"]
[White "Thompson, Brian"]
[Black "Tang, Edward"]
[Result "1/2-1/2"]
[WhiteElo "1892"]
[BlackElo "2057"]
[PlyCount "119"]
[GameId "2160767910579467"]
[EventDate "2007.09.01"]
[EventType "swiss"]
[EventRounds "5"]
[EventCountry "CAN"]
[SourceTitle "EXT 2022"]
[Source "ChessBase"]
[SourceDate "2021.10.06"]
[SourceVersion "1"]
[SourceVersionDate "2021.10.06"]
[SourceQuality "1"]

1. e4 e5 2. Nf3 Nc6 3. d4 exd4 4. Bc4 Nf6 5. O-O Nxe4 6. Re1 d5 7. Bxd5 Qxd5 8. Nc3 Qd8 9. Rxe4+ Be6 10. Nxd4 Nxd4 11. Rxd4 Qc8 12. Bf4 Bc5 13. Re4 O-O 14. Qf3 c6 15. Qg3 Re8 16. Bh6 Bf8 17. Rae1 Qd7 18. R4e3 Bf5 19. Rd1 Rxe3 20. Bxe3 Qe6 21. Qc7 Qe7 22. Qxe7 Bxe7 23. Re1 b5 24. Ne2 Kf8 25. Nd4 Bd7 26. c4 b4 27. b3 a5 28. f3 a4 29. Ne2 axb3 30. axb3 Ra3 31. Rb1 Bf5 32. Rb2 c5 33. g4 Bd3 34. Kf2 g5 35. Nc1 Bg6 36. Ke2 Ra5 37. Kd2 Ke8 38. Ra2 Rxa2+ 39. Nxa2 Kd7 40. Nc1 Kc6 41. Nd3 f6 42. Bf2 h5 43. h3 Bd6 44. Be3 Bf7 45. Nf2 Bg6 46. Ne4 Be7 47. Ng3 h4 48. Ne4 Bf7 49. f4 gxf4 50. Bxf4 Bg6 51. Ke3 f5 52. gxf5 Bxf5 53. Bg5 Bxg5+ 54. Nxg5 Bc2 55. Nf3 Bxb3 56. Kd3 Bd1 57. Nxh4 Kb6 58. Nf5 Bh5 59. Ne7 Ka5 60. Kc2 1/2-1/2

[Event "Abe Yanofsky mem"]
[Site "Winnipeg CAN"]
[Date "2007.08.31"]
[Round "1"]
[White "Van Wyk, Joseph"]
[Black "Babb, Jeff"]
[Result "1-0"]
[WhiteElo "1913"]
[BlackElo "2167"]
[PlyCount "111"]
[GameId "2160767910579468"]
[EventDate "2007.09.01"]
[EventType "swiss"]
[EventRounds "5"]
[EventCountry "CAN"]
[SourceTitle "EXT 2022"]
[Source "ChessBase"]
[SourceDate "2021.10.06"]
[SourceVersion "1"]
[SourceVersionDate "2021.10.06"]
[SourceQuality "1"]

1. e4 e5 2. Nf3 Nc6 3. d4 exd4 4. c3 dxc3 5. Nxc3 d6 6. Bc4 Be6 7. Bxe6 fxe6 8. Qb3 Qc8 9. Ng5 Nd8 10. f4 h6 11. Nf3 Ne7 12. O-O a6 13. Be3 Ndc6 14. Nh4 g5 15. fxg5 hxg5 16. Bxg5 Bg7 17. Ne2 Qd7 18. Nf4 Bd4+ 19. Kh1 O-O-O 20. Nxe6 Rdg8 21. Nf5 Nxf5 22. exf5 Be5 23. Bf4 Rg4 24. Bxe5 Nxe5 25. Rac1 c6 26. Rc3 Rhg8 27. g3 b5 28. Qc2 Kb7 29. Rf4 Rxf4 30. Nxf4 Rf8 31. Ne6 Rf6 32. Qe4 Kb6 33. g4 Rxe6 34. fxe6 Qe7 35. Qf5 c5 36. Rh3 Qb7+ 37. Kg1 Qd5 38. e7 Qd1+ 39. Qf1 Qd4+ 40. Qf2 Qd1+ 41. Kg2 Qxg4+ 42. Rg3 Qe4+ 43. Kg1 Ng6 44. Re3 Qg4+ 45. Kh1 Qd1+ 46. Re1 Qd5+ 47. Qg2 Nxe7 48. Qxd5 Nxd5 49. h4 Nf4 50. Rf1 Nh5 51. Kg2 Kc6 52. Rf5 Ng7 53. Rf7 Ne6 54. h5 Kd5 55. h6 Ke4 56. Re7 1-0

[Event "Abe Yanofsky mem"]
[Site "Winnipeg CAN"]
[Date "2007.08.31"]
[Round "1"]
[White "Vincent, Trevor"]
[Black "Bince, Rolando"]
[Result "1-0"]
[WhiteElo "2175"]
[BlackElo "1913"]
[PlyCount "89"]
[GameId "2160767910579469"]
[EventDate "2007.09.01"]
[EventType "swiss"]
[EventRounds "5"]
[EventCountry "CAN"]
[SourceTitle "EXT 2022"]
[Source "ChessBase"]
[SourceDate "2021.10.06"]
[SourceVersion "1"]
[SourceVersionDate "2021.10.06"]
[SourceQuality "1"]

1. c4 Nf6 2. g3 g6 3. Bg2 Bg7 4. Nc3 c5 5. a3 Nc6 6. Rb1 a5 7. Nh3 e5 8. O-O O-O 9. d3 d6 10. f4 Bxh3 11. Bxh3 exf4 12. Bxf4 Nh5 13. Bd2 f5 14. Nd5 Nf6 15. Bg5 h6 16. Nxf6+ Bxf6 17. Bxh6 Re8 18. Bd2 Bd4+ 19. Kh1 Qe7 20. e4 fxe4 21. dxe4 Rf8 22. Qg4 Ne5 23. Qe6+ Qxe6 24. Bxe6+ Kg7 25. b3 b6 26. h3 Rae8 27. Bd5 Rf2 28. Rxf2 Bxf2 29. Kg2 Bd4 30. Rf1 Re7 31. Bg5 Re8 32. Bf6+ Kh6 33. Rf4 g5 34. Rf5 g4 35. h4 Bb2 36. a4 Rf8 37. Bg5+ Kg7 38. Bh6+ Kxh6 39. Rxf8 Nd3 40. Rb8 Be5 41. Rxb6 Ne1+ 42. Kf2 Nd3+ 43. Ke2 Nb4 44. Be6 Kh5 45. Rb7 1-0

[Event "Abe Yanofsky mem"]
[Site "Winnipeg CAN"]
[Date "2007.09.01"]
[Round "2"]
[White "Babb, Jeff"]
[Black "Bince, Rolando"]
[Result "1/2-1/2"]
[WhiteElo "2167"]
[BlackElo "1913"]
[PlyCount "109"]
[GameId "2160767910579470"]
[EventDate "2007.09.01"]
[EventType "swiss"]
[EventRounds "5"]
[EventCountry "CAN"]
[SourceTitle "EXT 2022"]
[Source "ChessBase"]
[SourceDate "2021.10.06"]
[SourceVersion "1"]
[SourceVersionDate "2021.10.06"]
[SourceQuality "1"]

1. e4 d5 2. exd5 Qxd5 3. Nc3 Qa5 4. d4 Nf6 5. Nf3 g6 6. Ne5 c6 7. Bc4 Be6 8. Bxe6 fxe6 9. Qe2 Nbd7 10. Nc4 Qf5 11. h3 Nd5 12. O-O Bg7 13. Ne4 O-O 14. c3 Nc7 15. Bd2 h6 16. Ng3 Qb5 17. a4 Qa6 18. b3 Rad8 19. Ne4 b6 20. Qg4 Kh7 21. Qh4 Nf6 22. Rfe1 Nxe4 23. Qxe4 Qb7 24. Re3 Rd5 25. Rg3 Rdf5 26. Ne3 R5f6 27. Ng4 Rf5 28. Ne3 R5f6 29. h4 Nd5 30. Ng4 Rf5 31. Rf1 Qd7 32. Ne3 Nxe3 33. Bxe3 Qd5 34. Qg4 R5f6 35. c4 Qf5 36. Qe2 Qe4 37. f3 Qf5 38. Rh3 h5 39. Re1 Bh6 40. Bxh6 Kxh6 41. g4 hxg4 42. fxg4 Qf2+ 43. Qxf2 Rxf2 44. Rhe3 Rb2 45. Rf1 Rd8 46. Re4 e5 47. Rf7 g5 48. Rxe5 gxh4 49. d5 cxd5 50. cxd5 Rc8 51. Rf2 Rc1+ 52. Rf1 Rcc2 53. Re6+ Kg5 54. Re5+ Kxg4 55. Re4+ 1/2-1/2

[Event "Abe Yanofsky mem"]
[Site "Winnipeg CAN"]
[Date "2007.09.01"]
[Round "2"]
[White "Booth, Kevin"]
[Black "Gentes, Kevin"]
[Result "0-1"]
[WhiteElo "1861"]
[BlackElo "2263"]
[PlyCount "50"]
[GameId "2160767910579471"]
[EventDate "2007.09.01"]
[EventType "swiss"]
[EventRounds "5"]
[EventCountry "CAN"]
[SourceTitle "EXT 2022"]
[Source "ChessBase"]
[SourceDate "2021.10.06"]
[SourceVersion "1"]
[SourceVersionDate "2021.10.06"]
[SourceQuality "1"]

1. d4 Nf6 2. c4 g6 3. Nc3 Bg7 4. e4 O-O 5. Be3 c5 6. d5 d6 7. f3 e6 8. Qd2 exd5 9. cxd5 a6 10. a4 Re8 11. Bc4 Nbd7 12. Nge2 Ne5 13. b3 Bd7 14. O-O b5 15. axb5 axb5 16. Rxa8 Qxa8 17. Bxb5 Bxb5 18. Nxb5 Qa6 19. Nc7 Qb7 20. Nxe8 Nxe8 21. Rb1 Nc7 22. Nc3 Na6 23. f4 Ng4 24. h3 Nxe3 25. Qxe3 Bd4 0-1

[Event "Abe Yanofsky mem"]
[Site "Winnipeg CAN"]
[Date "2007.09.01"]
[Round "2"]
[White "Clark, Jeff"]
[Black "Boron, Anthony"]
[Result "0-1"]
[WhiteElo "1833"]
[BlackElo "1973"]
[PlyCount "74"]
[GameId "2160767910579472"]
[EventDate "2007.09.01"]
[EventType "swiss"]
[EventRounds "5"]
[EventCountry "CAN"]
[SourceTitle "EXT 2022"]
[Source "ChessBase"]
[SourceDate "2021.10.06"]
[SourceVersion "1"]
[SourceVersionDate "2021.10.06"]
[SourceQuality "1"]

1. Nf3 c5 2. c4 Nc6 3. Nc3 Nd4 4. e3 Nxf3+ 5. Qxf3 g6 6. b3 Bg7 7. Bb2 d6 8. Bd3 Rb8 9. O-O Nh6 10. Qg3 O-O 11. e4 a6 12. Be2 Bd7 13. Rab1 b5 14. d3 f5 15. f4 bxc4 16. dxc4 fxe4 17. Nxe4 Nf5 18. Qf2 Nd4 19. Bd3 Bf5 20. Qd2 a5 21. Nf2 a4 22. Bxf5 Rxf5 23. b4 Rxf4 24. bxc5 dxc5 25. Bxd4 Rxd4 26. Rxb8 Rxd2 27. Rxd8+ Rxd8 28. Rd1 Rd4 29. Rxd4 Bxd4 30. Kf1 Bxf2 31. Kxf2 Kf7 32. Ke3 Kf6 33. Ke4 e6 34. g3 h6 35. h3 a3 36. h4 h5 37. Kf4 e5+ 0-1

[Event "Abe Yanofsky mem"]
[Site "Winnipeg CAN"]
[Date "2007.09.01"]
[Round "2"]
[White "Curtis, Rory"]
[Black "Nikouline, Alexandre"]
[Result "0-1"]
[WhiteElo "1674"]
[BlackElo "2140"]
[PlyCount "94"]
[GameId "2160767910579473"]
[EventDate "2007.09.01"]
[EventType "swiss"]
[EventRounds "5"]
[EventCountry "CAN"]
[SourceTitle "EXT 2022"]
[Source "ChessBase"]
[SourceDate "2021.10.06"]
[SourceVersion "1"]
[SourceVersionDate "2021.10.06"]
[SourceQuality "1"]

1. Nf3 Nf6 2. g3 b6 3. Bg2 Bb7 4. O-O e6 5. d3 Be7 6. e4 d6 7. Nbd2 O-O 8. Re1 Nbd7 9. b3 e5 10. d4 Re8 11. d5 c6 12. c4 cxd5 13. cxd5 Rc8 14. h4 Nc5 15. Bf1 Rc7 16. b4 Ncd7 17. Bb2 Qb8 18. Qb3 Rec8 19. Rac1 a6 20. Rxc7 Rxc7 21. Rc1 b5 22. Rxc7 Qxc7 23. Qc3 Qxc3 24. Bxc3 Nxe4 25. Nxe4 Bxd5 26. Ned2 Bxa2 27. Bh3 Nb6 28. Nf1 f6 29. Bf5 g6 30. Bc2 d5 31. Bd2 d4 32. Be4 Bd5 33. Bxd5+ Nxd5 34. Ne1 Nxb4 35. Kg2 Nc6 36. Bc1 a5 37. Kf3 a4 38. Ke4 a3 39. Nc2 b4 40. Nd2 Na5 41. Na1 Kf7 42. Kd5 f5 43. Ndb3 Nxb3 44. Nxb3 d3 45. Bd2 e4 46. Kc4 a2 47. Bxb4 Bxb4 0-1

[Event "Abe Yanofsky mem"]
[Site "Winnipeg CAN"]
[Date "2007.09.01"]
[Round "2"]
[White "Greenberg, Harley"]
[Black "Richmond, Barrie"]
[Result "0-1"]
[WhiteElo "1827"]
[BlackElo "1921"]
[PlyCount "70"]
[GameId "2160767910579474"]
[EventDate "2007.09.01"]
[EventType "swiss"]
[EventRounds "5"]
[EventCountry "CAN"]
[SourceTitle "EXT 2022"]
[Source "ChessBase"]
[SourceDate "2021.10.06"]
[SourceVersion "1"]
[SourceVersionDate "2021.10.06"]
[SourceQuality "1"]

1. d4 Nf6 2. c4 g6 3. Nf3 Bg7 4. g3 O-O 5. Bg2 d6 6. O-O Nbd7 7. Nc3 e5 8. e4 a6 9. a3 b5 10. cxb5 axb5 11. b4 Rb8 12. Qd3 exd4 13. Nxd4 Qe8 14. f4 Bb7 15. Ndxb5 Nxe4 16. Nxc7 Qd8 17. N7d5 Bxd5 18. Bxe4 Bxe4 19. Qxe4 Bxc3 20. Rb1 Re8 21. Qf3 Bd4+ 22. Kg2 Qb6 23. Rd1 Bg7 24. a4 Re6 25. a5 Qb7 26. Be3 Rxe3 27. Qxb7 Rxb7 28. Rxd6 Bf8 29. a6 Ra7 30. Rc6 Nb8 31. Rb6 Nxa6 32. b5 Nc5 33. Rc1 Rb7 34. Rxb7 Nxb7 35. Rc7 Nd6 0-1

[Event "Abe Yanofsky mem"]
[Site "Winnipeg CAN"]
[Date "2007.09.01"]
[Round "2"]
[White "Kaptsan, Aron"]
[Black "Cleto, Sam"]
[Result "1-0"]
[WhiteElo "2030"]
[BlackElo "1900"]
[PlyCount "51"]
[GameId "2160767910579475"]
[EventDate "2007.09.01"]
[EventType "swiss"]
[EventRounds "5"]
[EventCountry "CAN"]
[SourceTitle "EXT 2022"]
[Source "ChessBase"]
[SourceDate "2021.10.06"]
[SourceVersion "1"]
[SourceVersionDate "2021.10.06"]
[SourceQuality "1"]

1. e4 c5 2. d4 cxd4 3. Nf3 Nc6 4. Nxd4 Nf6 5. Nc3 d6 6. Be2 a6 7. O-O e6 8. Kh1 Be7 9. f4 Qc7 10. Bf3 Bd7 11. Be3 b5 12. e5 Ng8 13. f5 Rc8 14. fxe6 fxe6 15. Bxc6 Bxc6 16. Nxe6 Qb7 17. Nxg7+ Kd8 18. Ne6+ Ke8 19. Qh5+ Kd7 20. Qg4 Bxg2+ 21. Kg1 Nh6 22. Bxh6 Qa7+ 23. Kxg2 b4 24. Ng7+ Kd8 25. Qxb4 d5 26. Qa5+ 1-0

[Event "Abe Yanofsky mem"]
[Site "Winnipeg CAN"]
[Date "2007.09.01"]
[Round "2"]
[White "Langner, David"]
[Black "Khedkar, Jay S"]
[Result "1/2-1/2"]
[WhiteElo "2261"]
[BlackElo "2003"]
[PlyCount "90"]
[GameId "2160767910579476"]
[EventDate "2007.09.01"]
[EventType "swiss"]
[EventRounds "5"]
[EventCountry "CAN"]
[SourceTitle "EXT 2022"]
[Source "ChessBase"]
[SourceDate "2021.10.06"]
[SourceVersion "1"]
[SourceVersionDate "2021.10.06"]
[SourceQuality "1"]

1. d4 d5 2. Nf3 Nf6 3. c4 e6 4. e3 Nbd7 5. Nbd2 Be7 6. Bd3 O-O 7. O-O b6 8. b3 Bb7 9. Bb2 Ne4 10. Qe2 Bf6 11. Rfd1 Qe7 12. Rac1 c5 13. Bb1 Nxd2 14. Rxd2 Rac8 15. cxd5 exd5 16. Ba3 Qe6 17. Rdc2 Be7 18. dxc5 Bxc5 19. Bxc5 Nxc5 20. Nd4 Qf6 21. b4 Ne6 22. Rxc8 Bxc8 23. Qh5 g6 24. Qxd5 Rd8 25. Qf3 Qe5 26. Qg3 Qxg3 27. hxg3 Nxd4 28. exd4 Be6 29. Rd1 Bc4 30. a3 Kf8 31. f3 Ke7 32. g4 Kd6 33. Rc1 Rc8 34. Be4 h6 35. Kf2 Ba6 36. Rxc8 Bxc8 37. Ke3 g5 38. Ba8 Bd7 39. Ke4 Bc8 40. Bd5 f6 41. Ba8 Be6 42. d5 Bd7 43. Bb7 Kc7 44. Ba6 Kd6 45. Bd3 Kc7 1/2-1/2

[Event "Abe Yanofsky mem"]
[Site "Winnipeg CAN"]
[Date "2007.09.01"]
[Round "2"]
[White "Lauritson, Jim"]
[Black "Liu, Weixi"]
[Result "0-1"]
[WhiteElo "1953"]
[BlackElo "1831"]
[PlyCount "51"]
[GameId "2160767910579477"]
[EventDate "2007.09.01"]
[EventType "swiss"]
[EventRounds "5"]
[EventCountry "CAN"]
[SourceTitle "EXT 2022"]
[Source "ChessBase"]
[SourceDate "2021.10.06"]
[SourceVersion "1"]
[SourceVersionDate "2021.10.06"]
[SourceQuality "1"]

1. d4 d5 2. c4 c6 3. Nf3 Nf6 4. Nc3 dxc4 5. a4 Bf5 6. e3 e6 7. Bxc4 Nbd7 8. O-O h6 9. Qe2 Be7 10. e4 Bh7 11. d5 e5 12. dxc6 bxc6 13. b3 O-O 14. Bb2 Qc7 15. Rfd1 Bb4 16. Nd2 Nb6 17. f3 Nfd7 18. Rac1 Kh8 19. Nf1 Bc5+ 20. Kh1 f6 21. Be6 Rfd8 22. a5 Nc8 23. b4 Bf8 24. b5 Nc5 25. Bh3 cxb5 26. Nxb5 0-1